000 00223nam a22000857a 4500
008 230926b |||||||| |||| 00| 0 eng d
020 _a9780805300123
245 _aESSENTIALS OF HUMAN ANATOMY AND PHYSIOLOGY
942 _2lcc
_cBK
999 _c207332
_d207332